00675 2200229 4500001002100000005001500021035002000036007000300056008004100059082002900100084003500129100002100164245003900185260006900224300002500293650001600318650000800334700002000342520002500362856003400387990002400421INLIS00000000000829720260428102648 a0010-0426000146ta260428 0 ind  a004.738.5 : 005 (594.59) a004.738.5 : 005 (594.59) PIK p0 aPIKUKUH, Bambang1 aPengelolaan WEB Di BPTP Jawa Timur aMalang :bBalai Pengkajian Teknologi Pertanian Jawa Timur,c2017 a7p. :bIlus ;c29 cm 4aPengelolaan 4aWEB0 aMuslich Purwoko aLaaporan Akhir Tahun aPerpustakaan BBRMP Jawa Timur a438/2026/BBRMPJATIM